| 000 | 00703nam a2200229Ia 4500 | ||
|---|---|---|---|
| 003 | GCL | ||
| 008 | 140319s9999 xx 000 0 ara d | ||
| 040 |
_aGCL / _cGCL |
||
| 082 | 0 | 4 |
_a415.1 _bا ا |
| 100 | 1 | _aاحمد مختار عمر | |
| 245 | 1 | 0 |
_aاخطاء اللغة العربية المعاصرة عند الكتاب والاذاعيين / _cاحمد مختار عمر |
| 260 |
_a[S.N] : _bعالم الكتب الحديث ، _c1993 |
||
| 300 | _a269 ص | ||
| 490 | _a | ||
| 650 | 0 | 4 | _aالنحو |
| 650 | 0 | 4 | _aالاصوات اللغوية |
| 650 | 0 | 4 | _aاللغة العربية |
| 650 | 0 | 4 | _aالنطق |
| 650 | 0 | 4 | _aالافعال |
| 650 | 0 | 4 | _aالضمائر |
| 942 |
_2ddc _cBK |
||
| 999 |
_c32595 _d32595 |
||